[Event "DOM-ch (Women)"]
[Site "Santo Domingo"]
[Date "2015.06.05"]
[Round "1"]
[White "Coronado Paulino, Karen Libell"]
[Black "Jimenez Medina, Laura Violeta"]
[Result "1-0"]
[WhiteElo "1673"]
[BlackElo "1626"]
[PlyCount "37"]
[EventDate "2015.06.05"]
[EventType "swiss"]
[EventRounds "6"]
[EventCountry "DOM"]
[SourceTitle "CBM 167 Extra"]
[Source "ChessBase"]
[SourceDate "2015.09.14"]
[SourceVersion "1"]
[SourceVersionDate "2015.09.14"]
[SourceQuality "1"]

1. e4 e5 2. Nf3 Nc6 3. d4 d6 4. dxe5 dxe5 5. Qxd8+ Nxd8 6. Nxe5 Nf6 7. Bd3 Ne6 8. 0-0 g6 9. Nc3 Bg7 10. Bb5+ Ke7 11. f4 Nc5 12. Re1 b6 13. Nc6+ Kd6 14. e5+ Ke6 15. exf6+ Kf5 16. fxg7 Rd8 17. Nxd8 f6 18. h3 Be6 19. g4# 1-0